Statistiken für Kleinste Länder Quiz

Klicken Sie hier um das Quiz zu spielen!

Allgemein

  • Dieses Quiz wurde 25.466 mal gespielt
  • Das Durchschnittsergebnis liegt bei 15 aus 24

Antwortstatistiken

Land% Korrekt
Vatikanstadt
96%
Liechtenstein
91%
San Marino
89%
Andorra
88%
Monaco
87%
St. Lucia
65%
St. Kitts und Nevis
64%
Malta
63%
St. Vincent und die Grenadinen
63%
Tuvalu
63%
Nauru
61%
Palau
60%
Tonga
59%
Barbados
57%
Föderierte Staaten von Mikronesien
56%
Grenada
56%
Singapur
56%
Antigua und Barbuda
55%
Seychellen
54%
Marshallinseln
53%
São Tomé und Príncipe
52%
Dominica
51%
Kiribati
51%
Malediven
51%

Verteilung der Resultate

Perzentil nach korrekt beantworteten Fragen

Anzahl Personen mit jedem Resultat

Ihre Resultats-Entwicklung

Sie haben dieses Quiz noch nicht gespielt